000 00970nam a2200277Ia 4500
003 OSt
005 20221005110354.0
006 a|||||r|||| 00| 0
007 ta
008 221004b |||||||| |||| 00| 0 hin d
020 _a9789382114161 (hbk)
_cIndian Rupees 400
024 _a35522
037 _bGift, 31/01/2018,
_cTextual
040 _aCRL
_cCRL
_bhin
041 _2hin
_ahin
082 _aO152,3N51,DP, Q3
100 _aनागर, हीरालाल, ले.
245 0 _aडेक पर अंधेरा
246 _aḌek par aandherā
260 _aनई दिल्ली
_bकिताबघर प्रकाशन भारत
_c2013
300 _a232पृ0
_ccm.
650 _a हिन्दी साहित्य
650 _aहिन्दी कहानी
942 _hO152,3N51,DP, Q3
_cTEXL
_2cc
999 _c1018625
_d1018625